[Event "Koge Bugt Mesterklasse "]
[Site "Solrod"]
[Date "1999.08.24"]
[Round "1"]
[White "Krogh, Peter Ove"]
[Black "Rasmussen, Lars"]
[Result "1/2-1/2"]
[WhiteElo "1993"]
[BlackElo "1849"]
[PlyCount "84"]
[EventDate "1999.??.??"]
[EventType "tourn"]
[EventRounds "7"]
[EventCountry "DEN"]

1. c4 Nf6 2. Nc3 e5 3. Nf3 Nc6 4. e3 g6 5. d4 exd4 6. exd4 d5 7. Bg5 Be7 8.
Bxf6 Bxf6 9. Qe2+ Kf8 10. Nxd5 Bg4 11. O-O-O Nxd4 12. Qe3 Bxf3 13. Rxd4 Bxd5
14. Rxd5 Qe7 15. Qh6+ Bg7 16. Qd2 Bf6 17. f4 Rd8 18. Rxd8+ Qxd8 19. Qxd8+ Bxd8
20. Be2 Bf6 21. Bf3 c6 22. Rd1 Ke7 23. Re1+ Kd7 24. Kc2 Kc7 25. g4 h6 26. Re4
Rd8 27. b3 Rd4 28. Rxd4 Bxd4 29. Kd3 c5 30. Ke4 Kd6 31. h4 b6 32. g5 hxg5 33.
hxg5 f5+ 34. gxf6 Bxf6 35. Bg4 g5 36. f5 Kc6 37. Bh5 Kd6 38. Bf7 Ke7 39. Bd5
Kd6 40. Be6 Bd4 41. a4 a5 42. Bg8 Bf6 1/2-1/2

[Event "Koge Bugt Mesterklasse "]
[Site "Solrod"]
[Date "1999.08.24"]
[Round "1"]
[White "Pedersen, Hans Dahl"]
[Black "Askgaard, Jens"]
[Result "0-1"]
[WhiteElo "2169"]
[BlackElo "2088"]
[PlyCount "68"]
[EventDate "1999.??.??"]
[EventType "tourn"]
[EventRounds "7"]
[EventCountry "DEN"]

1. Nf3 e6 2. g3 b6 3. Bg2 Bb7 4. d3 g6 5. e4 Bg7 6. O-O Ne7 7. Qe2 O-O 8. Rd1
c5 9. Nbd2 Nbc6 10. c3 Qc7 11. Nf1 d5 12. Bf4 e5 13. Bc1 d4 14. c4 a6 15. a3 b5
16. b3 Rae8 17. h4 f5 18. Ng5 Nc8 19. exf5 Rxf5 20. g4 Rff8 21. Bd5+ Kh8 22.
Ne6 Rxe6 23. Bxe6 N8e7 24. g5 Na5 25. Ng3 Qc6 26. Bh3 Nxb3 27. Rb1 bxc4 28.
dxc4 Nf5 29. Kh2 Nxc1 30. Rdxc1 Nxh4 31. Rxb7 Qxb7 32. Ne4 Nf3+ 33. Kg3 Qf7 34.
Nf6 Nxg5 0-1

[Event "Koge Bugt Mesterklasse "]
[Site "Solrod"]
[Date "1999.08.24"]
[Round "1"]
[White "Pedersen, Henrik Dahl"]
[Black "Hansen, Morten Moller"]
[Result "1/2-1/2"]
[WhiteElo "2042"]
[BlackElo "1983"]
[PlyCount "129"]
[EventDate "1999.??.??"]
[EventType "tourn"]
[EventRounds "7"]
[EventCountry "DEN"]

1. c4 e5 2. Nc3 d6 3. g3 f5 4. Bg2 Nf6 5. Nf3 c6 6. O-O Be7 7. d3 Qc7 8. Rb1 a5
9. a3 O-O 10. b4 axb4 11. axb4 Kh8 12. Bb2 Be6 13. e3 Nbd7 14. e4 fxe4 15. Ng5
Bg4 16. Qd2 h6 17. Ngxe4 Nh7 18. h4 Be6 19. Qe2 Rf7 20. Rbc1 Qb6 21. Ra1 Raf8
22. c5 dxc5 23. Na4 Qd8 24. Naxc5 Bd5 25. Nxb7 Qb8 26. Nbc5 Nxc5 27. bxc5 Bxe4
28. Qxe4 Qxb2 29. Rab1 Qd4 30. Qxd4 exd4 31. Rbc1 Rf5 32. Rc4 Rxc5 33. Rxd4 Nf6
34. Rc4 Rxc4 35. dxc4 c5 36. Re1 Bd6 37. Re6 Bb8 38. Rc6 Nd7 39. Bh3 Ne5 40.
Rxc5 Nf3+ 41. Kg2 Ba7 42. Rf5 Rxf5 43. Bxf5 Nd4 44. Bg6 Kg8 45. f3 Kf8 46. g4
Ke7 47. Be4 g5 48. hxg5 hxg5 49. Kf2 Kd6 50. Ke3 Ke5 51. Ba8 Ne6+ 52. Kd3 Kf4
53. Kc3 Bc5 54. Kb3 Ke3 55. Bd5 Nd4+ 56. Ka4 Be7 57. Ka5 Nxf3 58. Kb6 Ne5 59.
Be6 Kd4 60. Kb5 Bc5 61. Bf5 Nxc4 62. Kc6 Ne3 63. Bc8 Ba3 64. Kd7 Ke5 65. Ke8
1/2-1/2

[Event "Koge Bugt Mesterklasse "]
[Site "Solrod"]
[Date "1999.08.31"]
[Round "2"]
[White "Askgaard, Jens"]
[Black "Pedersen, Henrik Dahl"]
[Result "0-1"]
[WhiteElo "2088"]
[BlackElo "2042"]
[PlyCount "45"]
[EventDate "1999.??.??"]
[EventType "tourn"]
[EventRounds "7"]
[EventCountry "DEN"]

1. d4 Nf6 2. c4 e6 3. g3 Bb4+ 4. Bd2 Qe7 5. Bg2 O-O 6. Nf3 Bxd2+ 7. Qxd2 d6 8.
Nc3 Nbd7 9. e4 e5 10. d5 Nc5 11. Qc2 a5 12. O-O Ng4 13. Nd2 f5 14. h3 Nh6 15.
f4 fxe4 16. fxe5 Rxf1+ 17. Rxf1 Qxe5 18. Ndxe4 Bf5 19. g4 Bg6 20. Qf2 Bxe4 21.
Bxe4 Nxe4 22. Nxe4 Qxe4 23. g5 0-1

[Event "Koge Bugt Mesterklasse "]
[Site "Solrod"]
[Date "1999.08.31"]
[Round "2"]
[White "Hansen, Morten Moller"]
[Black "Krogh, Peter Ove"]
[Result "1-0"]
[WhiteElo "1983"]
[BlackElo "1993"]
[PlyCount "83"]
[EventDate "1999.??.??"]
[EventType "tourn"]
[EventRounds "7"]
[EventCountry "DEN"]

1. d4 Nf6 2. c4 e6 3. Nf3 b6 4. a3 d5 5. Nc3 Be7 6. Qc2 O-O 7. e4 dxe4 8. Nxe4
Bb7 9. Bd3 Nxe4 10. Bxe4 Bxe4 11. Qxe4 Nd7 12. Bf4 Nf6 13. Qc2 h6 14. Rd1 Rc8
15. O-O Qe8 16. Rfe1 Nh5 17. Bd2 c6 18. Bc3 Nf4 19. g3 Ng6 20. h4 Bf6 21. h5
Ne7 22. g4 Rc7 23. Qc1 Qc8 24. Nh2 b5 25. f4 c5 26. d5 Bxc3 27. Qxc3 exd5 28.
cxd5 Rd7 29. d6 Nc6 30. Qxc5 Qb7 31. g5 Rfd8 32. gxh6 gxh6 33. Ng4 Qb6 34. Nf6+
Kg7 35. Nxd7 Rxd7 36. b4 Kf6 37. Kg2 Qxc5 38. bxc5 Kf5 39. Kf3 a5 40. Re8 b4
41. axb4 axb4 42. Rc8 1-0

[Event "Koge Bugt Mesterklasse "]
[Site "Solrod"]
[Date "1999.08.31"]
[Round "2"]
[White "Nielsen, Jan Mose"]
[Black "Rasmussen, Lars"]
[Result "0-1"]
[WhiteElo "1985"]
[BlackElo "1849"]
[PlyCount "36"]
[EventDate "1999.??.??"]
[EventType "tourn"]
[EventRounds "7"]
[EventCountry "DEN"]

1. d4 Nf6 2. Nf3 d5 3. Bf4 c5 4. c3 e6 5. Nbd2 Nc6 6. e3 cxd4 7. exd4 Bd6 8.
Bg3 Bxg3 9. hxg3 Qc7 10. Bd3 Bd7 11. O-O O-O-O 12. b4 h5 13. a4 Ng4 14. b5 Na5
15. c4 h4 16. cxd5 hxg3 17. Rc1 gxf2+ 18. Rxf2 Rh1+ 0-1

[Event "Koge Bugt Mesterklasse "]
[Site "Solrod"]
[Date "1999.08.31"]
[Round "2"]
[White "Steffensen, Stefan"]
[Black "Pedersen, Hans Dahl"]
[Result "1/2-1/2"]
[WhiteElo "1926"]
[BlackElo "2169"]
[PlyCount "99"]
[EventDate "1999.??.??"]
[EventType "tourn"]
[EventRounds "7"]
[EventCountry "DEN"]

1. c4 c6 2. e4 d5 3. exd5 cxd5 4. d4 Nf6 5. Nc3 Nc6 6. Bg5 Be6 7. Nge2 Qa5 8.
Bxf6 exf6 9. c5 b6 10. Qa4 Qxa4 11. Nxa4 Nb4 12. Kd2 bxc5 13. Nxc5 Rc8 14. a3
Nc6 15. b4 Bd6 16. Nb3 O-O 17. g3 a5 18. Nxa5 Nxa5 19. bxa5 Ra8 20. Nf4 Bxf4+
21. gxf4 Rxa5 22. a4 Bd7 23. Bg2 g6 24. Rhc1 Rfa8 25. Rc5 Rxa4 26. Rxa4 Rxa4
27. Rxd5 Ra2+ 28. Ke1 Bg4 29. Rd8+ Kg7 30. Re8 Ra1+ 31. Kd2 Rd1+ 32. Kc3 Be6
33. Rb8 Bf5 34. d5 Rd3+ 35. Kc4 Rd2 36. Kc3 Rxf2 37. Rb2 Rxf4 38. d6 Ra4 39.
Rb7 Ra2 40. Bd5 Rxh2 41. Rxf7+ Kh6 42. Rxf6 Rc2+ 43. Kd4 Rd2+ 44. Kc5 Bh3 45.
Rf7 Rc2+ 46. Kb6 Rb2+ 47. Kc7 Rc2+ 48. Kb6 Rb2+ 49. Kc7 Rc2+ 50. Kb6 1/2-1/2

[Event "Koge Bugt Mesterklasse "]
[Site "Solrod"]
[Date "1999.09.07"]
[Round "3"]
[White "Krogh, Peter Ove"]
[Black "Askgaard, Jens"]
[Result "1/2-1/2"]
[WhiteElo "1993"]
[BlackElo "2088"]
[PlyCount "85"]
[EventDate "1999.??.??"]
[EventType "tourn"]
[EventRounds "7"]
[EventCountry "DEN"]

1. c4 e5 2. Nc3 Nf6 3. Nf3 e4 4. Ng5 b5 5. cxb5 d5 6. g3 Bc5 7. e3 O-O 8. h4
Nbd7 9. Na4 Bd6 10. d4 exd3 11. Bxd3 Ne5 12. Be2 Bb7 13. f4 Nc4 14. O-O Qd7 15.
b3 h6 16. bxc4 hxg5 17. Bf3 gxh4 18. g4 c6 19. b6 Qe7 20. g5 Ne4 21. Bxe4 Qxe4
22. c5 axb6 23. Nc3 Qc4 24. cxd6 Qxc3 25. Bd2 Qc4 26. Qb3 Ba6 27. Qxc4 Bxc4 28.
Rfb1 Rfd8 29. Rxb6 Rxd6 30. a4 Ra6 31. a5 c5 32. Rb8+ Kh7 33. Kg2 Bd3 34. Kh3
d4 35. Kxh4 Bf5 36. Kg3 c4 37. Bb4 Rd7 38. exd4 Rxd4 39. Rh1+ Kg6 40. Rb6+ Rxb6
41. axb6 c3 42. Bc5 Rd3+ 43. Kf2 1/2-1/2

[Event "Koge Bugt Mesterklasse "]
[Site "Solrod"]
[Date "1999.09.07"]
[Round "3"]
[White "Pedersen, Hans Dahl"]
[Black "Nielsen, Jan Mose"]
[Result "1-0"]
[WhiteElo "2169"]
[BlackElo "1985"]
[PlyCount "77"]
[EventDate "1999.??.??"]
[EventType "tourn"]
[EventRounds "7"]
[EventCountry "DEN"]

1. d4 Nf6 2. c4 c5 3. Nf3 cxd4 4. Nxd4 e5 5. Nf3 Bc5 6. e3 Nc6 7. Nc3 d6 8. Be2
Bf5 9. O-O Qd7 10. a3 a5 11. b3 O-O 12. Bb2 h6 13. Na4 Qe6 14. Ra2 Rfd8 15. Qa1
Ne4 16. Nc3 Nf6 17. Nb5 Rd7 18. Rc1 g5 19. Bc3 Ng4 20. Rd1 Qg6 21. Qc1 Nf6 22.
Be1 Kg7 23. Rb2 Rad8 24. b4 axb4 25. axb4 Bb6 26. Nc3 g4 27. Nh4 Qg5 28. Nxf5+
Qxf5 29. Nd5 Nxd5 30. Rxd5 Ne7 31. Rb5 Ba7 32. Qd1 h5 33. Bc3 f6 34. Rd2 Qg5
35. Bb2 Nf5 36. Rd3 Kh6 37. Bc1 g3 38. hxg3 Nxe3 39. Rxe3 1-0

[Event "Koge Bugt Mesterklasse "]
[Site "Solrod"]
[Date "1999.09.07"]
[Round "3"]
[White "Pedersen, Henrik Dahl"]
[Black "Steffensen, Stefan"]
[Result "1-0"]
[WhiteElo "2042"]
[BlackElo "1926"]
[PlyCount "57"]
[EventDate "1999.??.??"]
[EventType "tourn"]
[EventRounds "7"]
[EventCountry "DEN"]

1. c4 Nf6 2. Nc3 g6 3. g3 c5 4. Bg2 Bg7 5. e3 O-O 6. Nge2 e6 7. O-O Nc6 8. Nf4
Ne8 9. b3 Nc7 10. Bb2 b6 11. Rc1 Bb7 12. a3 Qb8 13. Qc2 Ne5 14. f3 d5 15. cxd5
exd5 16. Nce2 Ne6 17. Nxe6 fxe6 18. f4 Nd7 19. Bxg7 Kxg7 20. d4 Ba6 21. e4 cxd4
22. exd5 d3 23. Qc3+ Nf6 24. Nd4 d2 25. Nxe6+ Kg8 26. Qxd2 Bxf1 27. Rxf1 Re8
28. f5 Qd6 29. Qd4 1-0

[Event "Koge Bugt Mesterklasse "]
[Site "Solrod"]
[Date "1999.09.07"]
[Round "3"]
[White "Rasmussen, Lars"]
[Black "Hansen, Morten Moller"]
[Result "1-0"]
[WhiteElo "1849"]
[BlackElo "1983"]
[PlyCount "109"]
[EventDate "1999.??.??"]
[EventType "tourn"]
[EventRounds "7"]
[EventCountry "DEN"]

1. d4 Nf6 2. Nf3 e6 3. Bg5 d5 4. e3 Be7 5. Bd3 c5 6. c3 Nbd7 7. Nbd2 O-O 8. O-O
b6 9. Ne5 Bb7 10. f4 g6 11. Ndf3 Ne8 12. Nxd7 Qxd7 13. Ne5 Qd6 14. Bh6 Ng7 15.
Qg4 f5 16. Qe2 Bc6 17. Rf3 c4 18. Bc2 b5 19. Rh3 Rfb8 20. Rf1 b4 21. cxb4 Rxb4
22. b3 cxb3 23. Bxb3 Bb5 24. Nd3 Qa6 25. Rd1 Bxd3 26. Qxd3 Qxd3 27. Rxd3 Rc8
28. Rf3 Ne8 29. h3 Nd6 30. g4 Ne4 31. gxf5 gxf5 32. Bg5 Bxg5 33. fxg5 Kf7 34.
h4 Kg6 35. Kg2 Rc1 36. Rf4 Rb6 37. Kh2 a5 38. a4 Rb1 39. Bd1 R1b2+ 40. Kh3 Nf2+
41. Rxf2 Rxf2 42. Kg3 Rbb2 43. Rc3 Rg2+ 44. Kf4 Rg1 45. h5+ Kf7 46. Rc7+ Kg8
47. Rc8+ Kf7 48. Rc7+ Ke8 49. Rxh7 Rxd1 50. g6 Rf2+ 51. Ke5 Re1 52. Kd6 Kf8 53.
h6 Kg8 54. Rd7 Rxe3 55. Rd8# 1-0

[Event "Koge Bugt Mesterklasse "]
[Site "Solrod"]
[Date "1999.09.14"]
[Round "4"]
[White "Askgaard, Jens"]
[Black "Rasmussen, Lars"]
[Result "1-0"]
[WhiteElo "2088"]
[BlackElo "1849"]
[PlyCount "127"]
[EventDate "1999.??.??"]
[EventType "tourn"]
[EventRounds "7"]
[EventCountry "DEN"]

1. d4 Nf6 2. c4 e6 3. g3 d5 4. Bg2 Be7 5. Nf3 O-O 6. O-O dxc4 7. Qc2 a6 8. Qxc4
b5 9. Qc2 Bb7 10. Bd2 Be4 11. Qc1 Bb7 12. Rd1 Nbd7 13. Ba5 Nb6 14. Nbd2 Rc8 15.
Nb3 Nc4 16. Be1 c6 17. Nc5 Qc7 18. b3 Nd6 19. Ne5 Rfd8 20. Nxb7 Qxb7 21. Nxc6
Re8 22. Nxe7+ Qxe7 23. Qa3 Nde4 24. Qxa6 b4 25. Qa5 Nc3 26. Bxc3 Rxc3 27. Rdc1
Rec8 28. Rxc3 Rxc3 29. Qa8+ Qf8 30. Qb7 h6 31. e3 Rc2 32. h3 Rc3 33. Bf3 Qd6
34. Qa8+ Kh7 35. Rd1 Nd5 36. Kg2 f5 37. Rd2 g5 38. Qe8 Qe7 39. Qxe7+ Nxe7 40.
d5 exd5 41. Bxd5 Kg6 42. Bc4 f4 43. Rd6+ Kg7 44. Kf3 fxe3 45. fxe3 Nf5 46. Rd3
Rc2 47. e4 Ne7 48. Rd7 Rc3+ 49. Kg4 Kg6 50. Rd6+ Kg7 51. Rb6 Ng6 52. Rxb4 Ne5+
53. Kf5 Nxc4 54. Rxc4 Rxg3 55. Rc7+ Kf8 56. b4 Rxh3 57. b5 Rf3+ 58. Kg6 Rd3 59.
e5 Rd5 60. b6 Rxe5 61. b7 Rb5 62. Rc8+ Ke7 63. b8=Q Rxb8 64. Rxb8 1-0

[Event "Koge Bugt Mesterklasse "]
[Site "Solrod"]
[Date "1999.09.14"]
[Round "4"]
[White "Steffensen, Stefan"]
[Black "Krogh, Peter Ove"]
[Result "1/2-1/2"]
[WhiteElo "1926"]
[BlackElo "1993"]
[PlyCount "45"]
[EventDate "1999.??.??"]
[EventType "tourn"]
[EventRounds "7"]
[EventCountry "DEN"]

1. c4 Nf6 2. Nc3 e6 3. e4 c5 4. e5 Ng8 5. d4 cxd4 6. Qxd4 Nc6 7. Qe4 d6 8. Nf3
dxe5 9. Nxe5 Bd7 10. Nxd7 Qxd7 11. a3 Nf6 12. Qd3 O-O-O 13. Qxd7+ Rxd7 14. Bg5
Be7 15. Be2 h6 16. Be3 Rhd8 17. O-O Nd4 18. Bxd4 Rxd4 19. Rfd1 Rd2 20. Rab1 a6
21. Kf1 Rxd1+ 22. Rxd1 Rxd1+ 23. Bxd1 1/2-1/2

[Event "Koge Bugt Mesterklasse "]
[Site "Solrod"]
[Date "1999.09.21"]
[Round "5"]
[White "Hansen, Morten Moller"]
[Black "Askgaard, Jens"]
[Result "0-1"]
[WhiteElo "1983"]
[BlackElo "2088"]
[PlyCount "108"]
[EventDate "1999.??.??"]
[EventType "tourn"]
[EventRounds "7"]
[EventCountry "DEN"]

1. e4 e6 2. Qe2 a6 3. Nf3 b5 4. d4 Bb7 5. g3 Nf6 6. e5 Nd5 7. Bg2 c5 8. O-O Nc6
9. dxc5 Bxc5 10. Nbd2 Qc7 11. c3 O-O 12. Re1 f6 13. exf6 Nxf6 14. Nb3 Bb6 15.
Bf4 Qc8 16. Be3 Bxe3 17. Qxe3 Ne7 18. Ne5 Bxg2 19. Kxg2 d6 20. Nd3 e5 21. f3
Ned5 22. Qe2 Nb6 23. Nd2 Qb7 24. Ne4 Rad8 25. Rad1 Rfe8 26. Qd2 Nc4 27. Qg5
Nxe4 28. fxe4 d5 29. Nc5 Qc6 30. b4 h6 31. Qc1 d4 32. Kg1 Ne3 33. Rd3 Rf8 34.
Qd2 Qf6 35. Qe2 Rf7 36. Nb3 Rdf8 37. Nd2 Qe6 38. cxd4 exd4 39. Rc1 Qxa2 40. Qe1
Rf1+ 41. Qxf1 Rxf1+ 42. Rxf1 Nxf1 43. Kxf1 Qb2 44. Ke2 Qxb4 45. Nb3 a5 46. Nxd4
a4 47. Kf3 a3 48. Nc2 Qc4 49. Rd8+ Kh7 50. Nxa3 Qc3+ 51. Kg4 Qxa3 52. Rb8 Qc5
53. Kf3 b4 54. e5 Qxe5 0-1

[Event "Koge Bugt Mesterklasse "]
[Site "Solrod"]
[Date "1999.09.21"]
[Round "5"]
[White "Krogh, Peter Ove"]
[Black "Pedersen, Hans Dahl"]
[Result "0-1"]
[WhiteElo "1993"]
[BlackElo "2169"]
[PlyCount "48"]
[EventDate "1999.??.??"]
[EventType "tourn"]
[EventRounds "7"]
[EventCountry "DEN"]

1. c4 e5 2. Nc3 Nf6 3. Nf3 Nc6 4. e3 Bb4 5. Nd5 e4 6. Nxb4 Nxb4 7. Ne5 O-O 8.
a3 Na6 9. Ng4 Nxg4 10. Qxg4 d5 11. Qf4 Nc5 12. b4 Nb3 13. Rb1 Nxc1 14. Rxc1 c6
15. cxd5 cxd5 16. Be2 a5 17. O-O axb4 18. axb4 Ra2 19. Rfd1 Qb6 20. Rb1 Bd7 21.
f3 Ba4 22. Re1 Rxd2 23. fxe4 dxe4 24. Qxe4 Bc2 0-1

[Event "Koge Bugt Mesterklasse "]
[Site "Solrod"]
[Date "1999.09.21"]
[Round "5"]
[White "Pedersen, Henrik Dahl"]
[Black "Nielsen, Jan Mose"]
[Result "1-0"]
[WhiteElo "2042"]
[BlackElo "1985"]
[PlyCount "63"]
[EventDate "1999.??.??"]
[EventType "tourn"]
[EventRounds "7"]
[EventCountry "DEN"]

1. c4 Nf6 2. Nc3 g6 3. g3 Bg7 4. Bg2 d6 5. Nf3 O-O 6. O-O Nc6 7. d4 e5 8. d5
Ne7 9. b4 a5 10. bxa5 Rxa5 11. Nd2 b6 12. a4 Nd7 13. Nb3 Ra8 14. a5 e4 15. Nd4
Ba6 16. Nxe4 Bxc4 17. Ng5 Bxe2 18. Qxe2 Bxd4 19. Ra4 Bg7 20. Re4 Re8 21. Re1
Bc3 22. Qf3 Bf6 23. Bh3 h6 24. Bxd7 Qxd7 25. Qxf6 Nxd5 26. Qd4 hxg5 27. Bb2 Re5
28. Rxe5 dxe5 29. Rxe5 Nf6 30. Qc3 Kg7 31. Qf3 bxa5 32. Qxa8 1-0

[Event "Koge Bugt Mesterklasse "]
[Site "Solrod"]
[Date "1999.09.21"]
[Round "5"]
[White "Rasmussen, Lars"]
[Black "Steffensen, Stefan"]
[Result "1-0"]
[WhiteElo "1849"]
[BlackElo "1926"]
[PlyCount "117"]
[EventDate "1999.??.??"]
[EventType "tourn"]
[EventRounds "7"]
[EventCountry "DEN"]

1. d4 Nf6 2. Nf3 g6 3. Nc3 Bg7 4. e4 d6 5. Be3 O-O 6. Qd2 Ng4 7. Bg5 h6 8. Bh4
g5 9. Bg3 c5 10. h4 cxd4 11. Nxd4 Qb6 12. Nb3 gxh4 13. Nd5 hxg3 14. Nxb6 gxf2+
15. Kd1 axb6 16. c3 Nc6 17. Kc2 f5 18. Bc4+ Kh7 19. exf5 Bxf5+ 20. Bd3 Nce5 21.
Bxf5+ Rxf5 22. Nd4 Rf7 23. Qe2 Raf8 24. Ne6 Nc4 25. Nxf8+ Bxf8 26. Qe4+ Kh8 27.
Raf1 Nce3+ 28. Kd3 d5 29. Qxe3 Nxe3 30. Kxe3 e5 31. b4 d4+ 32. cxd4 exd4+ 33.
Kxd4 Bxb4 34. Rxh6+ Kg8 35. Rg6+ Rg7 36. Rxg7+ Kxg7 37. Ke4 Bc5 38. Kf5 Kf7 39.
a4 Kg7 40. g4 Kf7 41. Ke4 Kg6 42. Kf3 Kg5 43. Rh1 Kg6 44. Rd1 Kf6 45. Rc1 Kg6
46. Kg2 Kg5 47. Rc4 Be3 48. Re4 Bc5 49. Kf1 Kg6 50. Re5 Bd4 51. Rf5 Kh6 52.
Rxf2 Bxf2 53. Kxf2 Kg5 54. Kf3 Kg6 55. Kf4 Kf6 56. g5+ Kg6 57. Kg4 Kg7 58. Kf5
Kf7 59. Ke5 1-0

[Event "Koge Bugt Mesterklasse "]
[Site "Solrod"]
[Date "1999.09.28"]
[Round "6"]
[White "Nielsen, Jan Mose"]
[Black "Askgaard, Jens"]
[Result "0-1"]
[WhiteElo "1985"]
[BlackElo "2088"]
[PlyCount "60"]
[EventDate "1999.??.??"]
[EventType "tourn"]
[EventRounds "7"]
[EventCountry "DEN"]

1. c4 c6 2. b3 d5 3. e3 Bf5 4. Bb2 Nd7 5. Nf3 e6 6. d4 Ngf6 7. Nbd2 h6 8. Be2
Bd6 9. h3 Ne4 10. Nxe4 dxe4 11. Nd2 Nf6 12. Qc1 Qe7 13. a4 O-O 14. Ba3 e5 15.
Bxd6 Qxd6 16. c5 Qe7 17. dxe5 Qxe5 18. a5 a6 19. O-O Rad8 20. b4 Be6 21. Nc4
Bxc4 22. Bxc4 Rd7 23. Qc2 Nd5 24. Bxd5 Rxd5 25. Rad1 Rfd8 26. Rxd5 Qxd5 27. Rc1
f5 28. Kf1 Kf7 29. Ke2 Ke6 30. h4 Qd3+ 0-1

[Event "Koge Bugt Mesterklasse "]
[Site "Solrod"]
[Date "1999.09.28"]
[Round "6"]
[White "Pedersen, Hans Dahl"]
[Black "Rasmussen, Lars"]
[Result "0-1"]
[WhiteElo "2169"]
[BlackElo "1849"]
[PlyCount "106"]
[EventDate "1999.??.??"]
[EventType "tourn"]
[EventRounds "7"]
[EventCountry "DEN"]

1. Nf3 d5 2. g3 Nf6 3. Bg2 c6 4. d3 Bg4 5. O-O Nbd7 6. c4 e6 7. b3 Bd6 8. Bb2
O-O 9. Nbd2 Re8 10. Qc2 Qc7 11. Rac1 e5 12. e3 e4 13. dxe4 dxe4 14. Nd4 Nc5 15.
Rb1 Be5 16. Ba3 Bxd4 17. exd4 Ne6 18. Bb2 Ng5 19. Qc3 Be2 20. Rfe1 Bd3 21. Rbd1
Qd7 22. Nf1 Nh3+ 23. Bxh3 Qxh3 24. Ne3 Ng4 25. Nxg4 Qxg4 26. d5 f6 27. Qd2 cxd5
28. cxd5 Rac8 29. Qe3 Qf5 30. d6 Qd5 31. Qd4 Qxd4 32. Bxd4 Red8 33. Bxa7 f5 34.
f3 Rxd6 35. fxe4 fxe4 36. Rxe4 Bxe4 37. Rxd6 Rc2 38. a4 Rg2+ 39. Kf1 Rxh2 40.
Bc5 Rc2 41. b4 Rc3 42. Rd8+ Kf7 43. Rd7+ Kg6 44. Bf8 Rf3+ 45. Ke2 Rxf8 46. b5
Rf7 47. Rd4 Re7 48. Kd2 Kf5 49. a5 Re5 50. Rb4 Rd5+ 51. Ke1 Bd3 52. a6 bxa6 53.
b6 Rd8 0-1

[Event "Koge Bugt Mesterklasse "]
[Site "Solrod"]
[Date "1999.09.28"]
[Round "6"]
[White "Pedersen, Henrik Dahl"]
[Black "Krogh, Peter Ove"]
[Result "1-0"]
[WhiteElo "2042"]
[BlackElo "1993"]
[PlyCount "77"]
[EventDate "1999.??.??"]
[EventType "tourn"]
[EventRounds "7"]
[EventCountry "DEN"]

1. e4 c5 2. f4 Qc7 3. Nc3 Qxf4 4. Nf3 Qc7 5. Bc4 e6 6. O-O a6 7. a4 Be7 8. d3
Nc6 9. Bg5 d6 10. Qd2 f6 11. Be3 Bd7 12. Ne2 e5 13. c3 Na5 14. Ba2 c4 15. Qc2
Be6 16. d4 g5 17. Ng3 h5 18. Qf2 Qc8 19. h4 Nh6 20. hxg5 Ng4 21. Qe2 h4 22. Nf5
Bxf5 23. exf5 Nxe3 24. Qxe3 Qxf5 25. gxf6 Qxf6 26. dxe5 dxe5 27. Nxe5 Qe6 28.
Bb1 Rg8 29. Bf5 Qd6 30. Bd7+ Kd8 31. Nf7+ Kxd7 32. Nxd6 Bxd6 33. Rf7+ Kc6 34.
Rd1 Rad8 35. Rf6 Kc7 36. Rfxd6 Rxd6 37. Qe5 Rgd8 38. Qxa5+ b6 39. Qe5 1-0

[Event "Koge Bugt Mesterklasse "]
[Site "Solrod"]
[Date "1999.09.28"]
[Round "6"]
[White "Steffensen, Stefan"]
[Black "Hansen, Morten Moller"]
[Result "1/2-1/2"]
[WhiteElo "1926"]
[BlackElo "1983"]
[PlyCount "118"]
[EventDate "1999.??.??"]
[EventType "tourn"]
[EventRounds "7"]
[EventCountry "DEN"]

1. c4 e5 2. g3 d6 3. Bg2 f5 4. Nc3 Nf6 5. d4 e4 6. f3 exf3 7. exf3 Be7 8. Nge2
c6 9. Qb3 O-O 10. O-O Qe8 11. Re1 Qf7 12. Be3 b6 13. Rad1 d5 14. cxd5 cxd5 15.
Bg5 Rd8 16. Nf4 Nc6 17. Rd2 h6 18. Bxf6 Bxf6 19. Red1 Na5 20. Qc2 Rb8 21. Bf1
Kf8 22. Ncxd5 Rxd5 23. b4 Rd7 24. bxa5 Rc7 25. Qb3 Qxb3 26. axb3 bxa5 27. Nd5
Rc6 28. Nxf6 Rxf6 29. Bc4 Bd7 30. Ra1 a4 31. bxa4 Rb4 32. Bb5 Bxb5 33. axb5 Rd6
34. Rxa7 Rxb5 35. Rc2 Kg8 36. Rcc7 Rb1+ 37. Kf2 Rg6 38. d5 Rb2+ 39. Ke3 Rxh2
40. Rc6 Rxg3 41. d6 Rhh3 42. d7 Rxf3+ 43. Kd4 Rd3+ 44. Kc5 Kh7 45. Rd6 Rxd6 46.
Kxd6 Rd3+ 47. Ke7 Kg6 48. Ra5 Rxd7+ 49. Kxd7 Kg5 50. Ke6 g6 51. Ke5 h5 52. Ra1
Kg4 53. Rg1+ Kf3 54. Rxg6 h4 55. Kxf5 h3 56. Ra6 h2 57. Ra3+ Kg2 58. Ra2+ Kg3
59. Rxh2 Kxh2 1/2-1/2

[Event "Koge Bugt Mesterklasse "]
[Site "Solrod"]
[Date "1999.10.05"]
[Round "7"]
[White "Hansen, Morten Moller"]
[Black "Pedersen, Hans Dahl"]
[Result "0-1"]
[WhiteElo "1983"]
[BlackElo "2169"]
[PlyCount "80"]
[EventDate "1999.??.??"]
[EventType "tourn"]
[EventRounds "7"]
[EventCountry "DEN"]

1. e4 c5 2. Nc3 Nc6 3. g3 g6 4. d3 Bg7 5. Bg2 e6 6. f4 Nge7 7. Be3 b6 8. e5 d6
9. exd6 Qxd6 10. Ne4 Qc7 11. c3 O-O 12. Qc2 Ba6 13. Nf3 Rad8 14. Rd1 Nd5 15.
Bf2 Ndb4 16. cxb4 Nxb4 17. Qa4 Bxd3 18. Rxd3 Nxd3+ 19. Ke2 Nxb2 20. Qc2 Nd3 21.
Rb1 Qc8 22. Qc4 Qd7 23. Be3 e5 24. fxe5 Nxe5 25. Nxe5 Bxe5 26. a4 Bg7 27. a5
Qg4+ 28. Kf2 Qf5+ 29. Bf3 Bd4 30. axb6 axb6 31. Rxb6 Bxe3+ 32. Kxe3 Rfe8 33. g4
Qe5 34. Rb7 Re6 35. Qe2 Rd4 36. Rb2 Rxe4+ 37. Bxe4 Qxe4+ 38. Kf2 Qd4+ 39. Kg2
Rxe2+ 40. Rxe2 Qxg4+ 0-1

[Event "Koge Bugt Mesterklasse "]
[Site "Solrod"]
[Date "1999.10.05"]
[Round "7"]
[White "Krogh, Peter Ove"]
[Black "Nielsen, Jan Mose"]
[Result "1-0"]
[WhiteElo "1993"]
[BlackElo "1985"]
[PlyCount "71"]
[EventDate "1999.??.??"]
[EventType "tourn"]
[EventRounds "7"]
[EventCountry "DEN"]

1. c4 Nf6 2. Nc3 g6 3. e4 d6 4. d4 Bg7 5. Bd3 O-O 6. Nge2 e5 7. d5 Na6 8. f3
Nh5 9. Be3 Qf6 10. Qd2 Qe7 11. g4 Nf6 12. a3 Nc5 13. Bc2 Bxg4 14. fxg4 Nxg4 15.
b4 Qh4+ 16. Ng3 Nd7 17. Bg5 Qh3 18. Bd3 Ngf6 19. Bf1 Qg4 20. Be2 Qh3 21. Bf3 a5
22. Bg2 Qg4 23. O-O axb4 24. axb4 Nh5 25. Rxa8 Rxa8 26. Bf3 Qh3 27. Nxh5 gxh5
28. Qg2 Qxg2+ 29. Kxg2 f6 30. Bd2 Ra6 31. Bxh5 Nb6 32. Be2 c6 33. dxc6 bxc6 34.
Rc1 Kf8 35. b5 cxb5 36. cxb5 1-0

[Event "Koge Bugt Mesterklasse "]
[Site "Solrod"]
[Date "1999.10.05"]
[Round "7"]
[White "Rasmussen, Lars"]
[Black "Pedersen, Henrik Dahl"]
[Result "0-1"]
[WhiteElo "1849"]
[BlackElo "2042"]
[PlyCount "172"]
[EventDate "1999.??.??"]
[EventType "tourn"]
[EventRounds "7"]
[EventCountry "DEN"]

1. d4 Nf6 2. Nf3 e6 3. Bg5 c5 4. e3 b6 5. Nbd2 Bb7 6. Bd3 Nc6 7. c3 d5 8. O-O
Be7 9. Qa4 O-O 10. Ne5 Nxe5 11. dxe5 Nh5 12. Bxe7 Qxe7 13. Qg4 g6 14. f4 f5 15.
Qh3 Rfd8 16. Be2 Ng7 17. Nf3 a5 18. Qh6 Ba6 19. Ng5 Ne8 20. Bxa6 Rxa6 21. Rf3
b5 22. Rh3 Rd7 23. Nf3 b4 24. Nh4 Qg7 25. Qg5 bxc3 26. bxc3 Rb6 27. Rf3 Rdb7
28. Rff1 a4 29. Nf3 Rb2 30. Qd8 Qd7 31. Qxd7 Rxd7 32. Rfb1 Rdb7 33. Nd2 c4 34.
Kf1 Nc7 35. Rxb2 Rxb2 36. Rb1 Rxd2 37. Rb8+ Kf7 38. Rb7 Rxa2 39. Rxc7+ Ke8 40.
Rxh7 Rc2 41. Ra7 Rxc3 42. Ke2 a3 43. Kd2 Rd3+ 44. Ke2 Rb3 45. Ra6 Kf7 46. Ra7+
Kf8 47. Ra8+ Kg7 48. Ra7+ Kh6 49. h3 Rb2+ 50. Kf3 g5 51. Rxa3 gxf4 52. Kxf4
Rxg2 53. Ra6 Rg6 54. Rc6 Kg7 55. h4 Kf7 56. h5 Rg4+ 57. Kf3 Rh4 58. Rc7+ Kf8
59. Rc8+ Ke7 60. Rc7+ Kd8 61. Rh7 c3 62. Ke2 c2 63. Kd2 Rh2+ 64. Kc1 f4 65.
exf4 d4 66. Rg7 d3 67. Rg1 Rxh5 68. Kd2 Rh3 69. Rf1 Kd7 70. Ra1 Kc6 71. f5 exf5
72. e6 Kd6 73. Re1 Ke7 74. Ra1 Kxe6 75. Ra6+ Ke5 76. Ra1 Rf3 77. Re1+ Kd4 78.
Rf1 Ke4 79. Re1+ Kf4 80. Rc1 Kg3 81. Rg1+ Kf2 82. Rc1 f4 83. Ra1 Re3 84. Ra4
Re2+ 85. Kxd3 c1=Q 86. Rxf4+ Qxf4 0-1